Every Kevin Owens WWE PPV Opponent - Statistics

General Stats
  • This quiz has been taken 196 times
    145 since last reset
  • The average score is 137 of 164
Answer Stats
Event Wrestler % Correct
Night of Champions 2023 | Roadblock: End of the Line | Royal Rumble 2017 | +5 others Roman Reigns
100%
Clash of Champions 2017 | Elimination Chamber 2024 | Survivor Series 2016 | WrestleMania 40 Randy Orton
99%
Battleground 2016 | Elimination Chamber 2021 | Extreme Rules 2016 | +10 others Sami Zayn
99%
Clash of Champions 2016 | Day 1 2022 | Hell in a Cell 2016 | +3 others Seth Rollins
99%
Beast From the East | Money in the Bank 2018 | Payback 2023 | Takeover: Brooklyn Finn Balor
95%
Backlash 2023 | Elimination Chamber 2021 | Survivor Series 2022 | WrestleMania 39 Jey Uso
94%
Elimination Chamber 2024 | Money in the Bank 2021 | Survivor Series 2021 Drew McIntyre
93%
Backlash 2023 | Survivor Series 2022 | WrestleMania 39 Jimmy Uso
93%
Money in the Bank 2016 | Royal Rumble 2016 | Survivor Series 2015 | +2 others Dean Ambrose
92%
Backlash 2017 | Battleground 2017 | Fastlane 2018 | +5 others AJ Styles
91%
Bash in Berlin Cody Rhodes
91%
Payback 2023 | Survivor Series 2019 Damian Priest
91%
Elimination Chamber 2024 | Royal Rumble 2024 | WrestleMania 40 Logan Paul
91%
Extreme Rules 2016 | Money in the Bank 2018 | WrestleMania 32 The Miz
91%
Day 1 2022 | Money in the Bank 2021 | Stomping Grounds Big E
90%
Battleground 2015 | Elimination Chamber 2015 | Fastlane 2018 | +2 others John Cena
90%
Backlash 2018 | Day 1 2022 | Elimination Chamber 2024 | Super ShowDown 2018 Bobby Lashley
89%
Backlash 2018 | Extreme Rules 2018 | Greatest Royal Rumble | +4 others Braun Strowman
88%
Survivor Series 2016 Bray Wyatt
88%
Day 1 2022 Brock Lesnar
88%
Money in the Bank 2016 | Payback 2017 | WrestleMania 33 Chris Jericho
86%
Extreme Rules 2019 | Fastlane 2016 | Fastlane 2018 | +2 others Dolph Ziggler
86%
Money in the Bank 2018 | Money in the Bank 2019 Kofi Kingston
86%
WrestleMania 32 Stardust
86%
Stomping Grounds | Survivor Series 2021 Xavier Woods
85%
Survivor Series 2020 | Survivor Series 2021 Sheamus
84%
Elimination Chamber 2021 | Fastlane 2018 | Money in the Bank 2016 | +2 others Baron Corbin
82%
Elimination Chamber 2021 | Fastlane 2019 | WrestleMania 34 Daniel Bryan
81%
Backlash 2023 | Backlash 2024 | Money in the Bank 2024 | +2 others Solo Sikoa
81%
Hell in a Cell 2017 | Royal Rumble 2022 | SummerSlam 2019 | +2 others Shane McMahon
80%
Money in the Bank 2024 Jacob Fatu
77%
WrestleMania 38 Steve Austin
77%
Clash of Champions 2017 | Money in the Bank 2016 | Money in the Bank 2021 Shinsuke Nakamura
76%
Elimination Chamber 2021 | Extreme Rules 2016 | Money in the Bank 2016 | SummerSlam 2015 Cesaro
75%
Backlash 2024 | Money in the Bank 2024 Tama Tonga
75%
Money in the Bank 2018 Samoa Joe
74%
Takeover: Wargames 2019 Adam Cole
73%
Survivor Series 2019 Matt Riddle
73%
Money in the Bank 2021 | Survivor Series 2020 Riddle
73%
Fastlane 2017 Goldberg
72%
Survivor Series 2019 | Survivor Series 2020 Keith Lee
70%
Survivor Series 2019 WALTER
70%
Money in the Bank 2018 Bobby Roode
66%
Money in the Bank 2018 Rusev
64%
Takeover: Wargames 2019 Bobby Fish
63%
Takeover: Wargames 2019 Roderick Strong
63%
WrestleMania 32 Zack Ryder
63%
Elimination Chamber 2024 LA Knight
57%
Survivor Series 2019 Tommaso Ciampa
57%
Hell in a Cell 2022 Ezekiel
56%
Fastlane 2019 | Survivor Series 2019 Mustafa Ali
56%
Survivor Series 2019 Chad Gable
55%
Money in the Bank 2016 Alberto Del Rio
52%
Money in the Bank 2021 Ricochet
51%
Survivor Series 2021 Jeff Hardy
50%
Takeover: Wargames 2019 Kyle O'Reilly
50%
Hell in a Cell 2015 | Night of Champions 2015 Ryback
50%
SummerSlam 2016 Big Cass
48%
SummerSlam 2016 Enzo Amore
48%
WrestleMania 32 Sin Cara
45%
Money in the Bank 2021 John Morrison
38%
Takeover: R-Evolution CJ Parker
26%
No matching quizzes found
Score Distribution
Percent of People with Each Score
Percentile by Number Answered
Your Score History
You have not taken this quiz since the last reset